The Japan syndrome
Salvato in:
| Autore principale: | |
|---|---|
| Natura: | Libro |
| Lingua: | Undetermined |
| Pubblicazione: |
Tokyo
Lotus Press
1985
|
| Soggetti: | |
| Tags: |
Aggiungi Tag
Nessun Tag, puoi essere il primo ad aggiungerne! !
|
| Thư viện lưu trữ: | Trung tâm Học liệu Trường Đại học Cần Thơ |
|---|
| LEADER | 00451nam a2200181Ia 4500 | ||
|---|---|---|---|
| 001 | CTU_85662 | ||
| 008 | 210402s9999 xx 000 0 und d | ||
| 082 | |a 330.952 | ||
| 082 | |b W929 | ||
| 100 | |a Jon Woronoff | ||
| 245 | 4 | |a The Japan syndrome | |
| 245 | 0 | |c Jon Woronoff | |
| 260 | |a Tokyo | ||
| 260 | |b Lotus Press | ||
| 260 | |c 1985 | ||
| 650 | |a economic conditions | ||
| 650 | |z Japan | ||
| 980 | |a Trung tâm Học liệu Trường Đại học Cần Thơ | ||